000 00674nam a2200217Ia 4500
999 _c3222
_d3222
020 _a1-4039-1633-0
082 _a338.6 OWN;
245 0 _aOwnership and governance of enterprises : recent innovative developments
260 _aHampshire
_bPalgrave Macmillan
_c2003
300 _a261p.
440 _aStudies in development economics and policy
504 _aIncludes index
650 _aStock ownership - Case studies
650 _aOwnership of stock
650 _aGovernance, corporate
650 _aCorporate ownership
650 _aIndustrial management - Case studies
650 _aCorporate governance - Case studies
700 _aSun, Laixiang
942 _cBK